LEADER 01230nam a2200325 i 4500 001 991001479409707536 005 20020507194219.0 008 940407s1985 us ||| | eng 020 $a0201144042 035 $ab10853121-39ule_inst 035 $aLE01312879$9ExL 040 $aDip.to Matematica$beng 082 0 $a621.380433 084 $aAMS 94C99 084 $aCR C.3 100 1 $aDenyer, P. B.$0537328 245 10$aVLSI signal processing :$ba bit-serial approach /$cPeter Denyer, David Renshaw 260 $aReading, Mass. ; Wokingham, England :$bAddison-Wesley,$cc1985 300 $axv, 312 p., [8] p. of plates :$bill. ;$c24 cm 490 0 $aMicroelectronics systems design series 500 $aIncludes bibliographies and index 650 4$aDesign and construction 650 4$aSignal processing 700 1 $aRenshaw, David$eauthor$4http://id.loc.gov/vocabulary/relators/aut$0736543 907 $a.b10853121$b23-02-17$c28-06-02 912 $a991001479409707536 945 $aLE013 94C DEN11 (1985)$g1$i2013000288314$lle013$o-$pE0.00$q-$rl$s- $t0$u2$v0$w2$x0$y.i1096471x$z28-06-02 996 $aVLSI signal processing$91456107 997 $aUNISALENTO 998 $ale013$b01-01-94$cm$da $e-$feng$gus $h0$i1 LEADER 02382nam 22006135u 450 001 9910157655703321 005 20211006145157.0 010 $a9783318035964 010 $a3318035963 035 $a(CKB)3780000000101839 035 $a(OCoLC)1046113170 035 $a(SZ-BaSKA)220975 035 $a(MiAaPQ)EBC31866204 035 $a(Au-PeEL)EBL31866204 035 $a(EXLCZ)993780000000101839 100 $a20211006d1986 uy 0 101 0 $aeng 135 $aurunu||||| 181 $ctxt$2rdacontent 182 $cc$2rdamedia 183 $acr$2rdacarrier 200 10$aNutrition and Neurobiology : $e23rd Symposium of the Group of European Nutritionists on Nutrition and Neurobiology, Bonn, May 1985 / $f editors, J.C. Somogyi, D. Hötzel 205 $a1st ed. 210 $aBasel : $cS. Karger, $d1986 215 $a1 online resource (VIII + 224 pages) : $c 80 figures, 53 tables 225 1 $aIssn Series 311 08$a9783805542463 311 08$a3805542461 327 $a978-3-8055-4246-3_Cover -- 978-3-8055-4246-3_00I -- 978-3-8055-4246-3_001 -- 978-3-8055-4246-3_027 -- 978-3-8055-4246-3_039 -- 978-3-8055-4246-3_054 -- 978-3-8055-4246-3_072 -- 978-3-8055-4246-3_082 -- 978-3-8055-4246-3_087 -- 978-3-8055-4246-3_094 -- 978-3-8055-4246-3_104 -- 978-3-8055-4246-3_110 -- 978-3-8055-4246-3_112 -- 978-3-8055-4246-3_120 -- 978-3-8055-4246-3_136 -- 978-3-8055-4246-3_145 -- 978-3-8055-4246-3_149 -- 978-3-8055-4246-3_154 -- 978-3-8055-4246-3_168 -- 978-3-8055-4246-3_173 -- 978-3-8055-4246-3_182 -- 978-3-8055-4246-3_194 -- 978-3-8055-4246-3_206 -- 978-3-8055-4246-3_209 -- 978-3-8055-4246-3_219. 410 0$aIssn Series 606 $aNutrition 606 $aNeurobiology 606 $aNeurology 606 $aNeurosurgery 606 $aMetabolic Diseases 606 $aPsychology 615 14$aNutrition 615 14$aNeurobiology 615 14$aNeurology 615 14$aNeurosurgery 615 24$aMetabolic Diseases 615 24$aPsychology 676 $a613.2 s 676 $a612.8 700 $aSomogyi$b J.C 701 $aSomogyi$b J. C$g(Johann Carl)$01230448 701 $aHo?tzel$b D$g(Dieter)$01230961 712 02$aGroup of European Nutritionists. 801 0$bUKSKG 801 1$bUKSKG 906 $aBOOK 912 $a9910157655703321 996 $aNutrition and Neurobiology$92858878 997 $aUNINA